Globálne bezpečnostné problémy z právneho hľadiska

Udržanie medzinárodného mieru a bezpečnosti ako najdôležitejšie ciele stanovené v Charte OSN. Bezpečnostná rada - najdôležitejší orgán, ktorému sú zverené úlohy súvisiace s udržiavaním mieru a zabezpečením bezpečnosti. Rozhodcovská úloha Bezpečnostnej rady v spore. Európska únia a Organizácia Severo...

Descrizione completa

Salvato in:
Dettagli Bibliografici
Autore principale: Pyteľová, Klaudia, 1985-
Natura: Capitolo di libro
Lingua:slovacco
Soggetti:
Tags: Aggiungi Tag
Nessun Tag, puoi essere il primo ad aggiungerne!!

MARC

LEADER 00000nla$a2200000$$$4500
001 0091700
005 20240502083233.1
041 0 |a slo 
044 |a CZ 
245 1 0 |a Globálne bezpečnostné problémy z právneho hľadiska  |c Klaudia Pyteľová 
520 |a Udržanie medzinárodného mieru a bezpečnosti ako najdôležitejšie ciele stanovené v Charte OSN. Bezpečnostná rada - najdôležitejší orgán, ktorému sú zverené úlohy súvisiace s udržiavaním mieru a zabezpečením bezpečnosti. Rozhodcovská úloha Bezpečnostnej rady v spore. Európska únia a Organizácia Severoatlantickej zmluvy ako medzinárodné organizácie ochraňujúce bezpečnosť. Štát ako nositeľ suverenity a ochranca práv a bezpečnosti občanov. 
610 2 0 |a politika bezpečnostná 
610 2 0 |a politika mierová 
610 2 0 |a politika medzinárodná 
610 2 0 |a bezpečnosť 
610 2 0 |a suverenita štátna 
610 2 0 |a stabilita politická 
610 2 0 |a organizácie medzinárodné 
610 2 0 |a dokumenty 
610 2 0 |a konflikty 
610 2 0 |a terorizmus 
610 2 0 |a kriminalita 
610 2 0 |a právo 
100 1 |a Pyteľová, Klaudia, 1985-